Elements of chemistry:Analytical theory of heat (Record no. 36172)

MARC details
000 -LEADER
fixed length control field 00331nam a2200121Ia 4500
082 ## - DEWEY DECIMAL CLASSIFICATION NUMBER
Classification number 054
Item number LAV
100 ## - MAIN ENTRY--AUTHOR NAME
Personal name Lavoisier, Antoine
245 #0 - TITLE STATEMENT
Title Elements of chemistry:Analytical theory of heat
260 ## - PUBLICATION, DISTRIBUTION, ETC. (IMPRINT)
Place of publication Chicago
Name of publisher Encyclopedia Britanica
Year of publication 1952
505 ## - FORMATTED CONTENTS NOTE
Formatted contents note Set price
942 ## - ADDED ENTRY ELEMENTS (KOHA)
Koha item type Books
Holdings
Withdrawn status Lost status Damaged status Not for loan Home library Current library Date acquired Cost, normal purchase price Full call number Accession Number Koha item type
        RRII Library RRII Library 16/12/2021 5000.00 054 LAV 16585 Books